| 000 | 00742nam a2200241 a 4500 | ||
|---|---|---|---|
| 001 | BRCA_5667 | ||
| 005 | 20190320205156.0 | ||
| 008 | 220211t1933----fr-#######---#000-0#fre-# | ||
| 041 | _afre | ||
| 044 | _afr | ||
| 050 | 4 |
_aNK1860 _b.G73 5 1933 |
|
| 245 | 1 | 0 | _aLa renaissance francaise. |
| 260 |
_aParís _bFlammarion _c1933 |
||
| 300 |
_a63 p. (v.5) _bil., 11 láminas _c22 cm. |
||
| 440 | 0 |
_aLa grammaire des styles _v5 _914401 |
|
| 500 | _aVer también F134 (v.6), F135 (v.7), F136 (v.8), F137 (v.16) y F139 (v.4) | ||
| 500 | _aF138 | ||
| 650 | 1 | 4 |
_aDecoración y ornamentación renacentista _914402 |
| 650 | 1 | 4 |
_aDecoración y ornamentación _zFrancia. _914403 |
| 700 | 1 |
_aMartin, Henry _eed. _914404 |
|
| 902 | _aGFM | ||
| 942 |
_2lcc _cB |
||
| 999 |
_c5360 _d5360 |
||